Genios en apuros /

Guardado en:
Autor Principal: Sierra i Fabra, Jordi
Otros Autores: González, Sandra; il.
Formato: Libro
Publicado: Bogotá : Panamericana, 2007
Materias:
Etiquetas: Agregar Etiqueta
Sin Etiquetas, Sea el primero en etiquetar este registro!
LEADER 00712nam a22002295a 4500
001 CEM.cems015074
005 20191023152840.0
008 130507s2007##################000#0#####d
003 CEMS
020 |a 9789583027307 
082 0 4 |a 863.4 
100 1 |a Sierra i Fabra, Jordi 
245 1 0 |a Genios en apuros /  |c Jordi Sierrra I Fabra ; ilustrado Por Sandra González 
260 |a Bogotá :  |b Panamericana,  |c 2007 
300 |a 227 p. 
653 |a Literatura 
653 |a Literatura española 
653 |a Literatura infantil 
653 |a Novela infantil 
653 |a Colección ciencias de la educación 
700 1 |a González, Sandra; il. 
859 |a CEMS  |b BIB. CEMS - Ccias. Educacion  |h 863.4  |i Si172  |k CE  |p 28022.19  |t Ej.1